| 000 | 01849ngm a2200337 4500 | ||
|---|---|---|---|
| 003 | dpl | ||
| 005 | 20080723110517.0 | ||
| 007 | DVD | ||
| 008 | ||||||sp199 xxu|||||c|||| 00| 0 eng d | ||
| 010 | _aDVD-000832-834 | ||
| 024 |
_aA3936 _c499.00 |
||
| 035 | _aDVD-000832-834 | ||
| 040 |
_aDPL _cDPL |
||
| 082 | _aDVD / PRIN | ||
| 245 |
_aPrincess Stories : _cWalt Disney Home Entertainment _h[videorecording] DVD/ _bVolume One -A Gift From the Heart |
||
| 246 | _a. | ||
| 260 | _bWalt Disney Home Entertainment | ||
| 300 |
_a1 videodisc DVD; (63 min.) : _bsd., col. ; _c4 3/4 in. _fDVD |
||
| 440 | _aWalt Disney Home Entertainment | ||
| 500 | _aSole Distributor in India M/s. Excel Productions Autio Visuals Pvt. Ltd. | ||
| 500 | _aBonus Features: Magic Wand Play, Princes Craft Time, Charm Bracelet, "If You Can Dream" Music Video, How To Be A Princes | ||
| 500 | _aThis DVD is Copy Protected | ||
| 538 | _aDolby Digital 2.0 -English, Thai, Mandarin, Cantonese,Spanish, Portuguese Subtitles: English, Chinese, Bahasa, thai, Spanish, Portuguese | ||
| 538 | _aAspect Ratio: 1.33:1, Presentation type: Full Frame, Presentation Size 4x3, Format DVD 9 Dual Layer Single Sided Disc. | ||
| 650 | _aAnimated Movie | ||
| 942 |
_cCF _2ddc _hDVD _mPRIN |
||
| 999 |
_c16382 _d16382 |
||